Homenaje a Ghazala Azmat (notice n° 1718259)
[ vue normale ]
| 000 -LEADER | |
|---|---|
| fixed length control field | 00896cam a2200157 4500500 |
| 005 - DATE AND TIME OF LATEST TRANSACTION | |
| control field | 20260322001832.0 |
| 041 ## - LANGUAGE CODE | |
| Language code of text/sound track or separate title | fre |
| 042 ## - AUTHENTICATION CODE | |
| Authentication code | dc |
| 100 10 - MAIN ENTRY--PERSONAL NAME | |
| Personal name | Thebault, Georgia |
| Relator term | author |
| 245 00 - TITLE STATEMENT | |
| Title | Homenaje a Ghazala Azmat |
| 260 ## - PUBLICATION, DISTRIBUTION, ETC. | |
| Date of publication, distribution, etc. | 2026.<br/> |
| 500 ## - GENERAL NOTE | |
| General note | 5 |
| 520 ## - SUMMARY, ETC. | |
| Summary, etc. | Los conflictos armados pueden tener efectos ambiguos sobre la riqueza de las poblaciones afectadas. Debido a la complejidad de los conflictos modernos, es difícil identificar un único efecto de los conflictos armados sobre la distribución del capital. En este sentido, la tríada espacios, actores y políticas públicas permite dar cuenta de los efectos divergentes de los conflictos armados sobre la distribución del capital. |
| 786 0# - DATA SOURCE ENTRY | |
| Note | Revue économique | 76 | 4 | 2026-01-16 | p. 503-504 | 0035-2764 |
| 856 41 - ELECTRONIC LOCATION AND ACCESS | |
| Uniform Resource Identifier | <a href="https://shs.cairn.info/revista-revue-economique-2025-4-page-503?lang=es&redirect-ssocas=7080">https://shs.cairn.info/revista-revue-economique-2025-4-page-503?lang=es&redirect-ssocas=7080</a> |
Pas d'exemplaire disponible.




Réseaux sociaux